| 000 | 00000nam 2200000zi 4500 |
| 001 | 9.941031 |
| 003 | CaOODSP |
| 005 | 20240725130704 |
| 006 | m o d f |
| 007 | cr cn||||||||| |
| 008 | 240725t19911991onc o f000 0 fre d |
| 040 | |aCaOODSP|bfre|erda|cCaOODSP |
| 043 | |an-cn--- |
| 086 | 1 |aCo22-109/1991F-PDF |
| 245 | 00|aComment décoder la législation sur le décodage. |
| 264 | 1|a[Ottawa] : |bCommunications Canada, |c[1991] |
| 264 | 4|c©1991 |
| 300 | |a1 ressource en ligne (13 pages) |
| 336 | |atexte|btxt|2rdacontent/fre |
| 337 | |ainformatique|bc|2rdamedia/fre |
| 338 | |aressource en ligne|bcr|2rdacarrier/fre |
| 500 | |aÉdition numérisée de l'imprimé [par Innovation, sciences et développement économique Canada]. |
| 500 | |aPublié aussi en anglais sous le titre : Decoding the law on decoding. |
| 500 | |a« Renseignements sur les modifications apportées à la législation canadienne sur la radiodiffusion à l'intention des propriétaires d'antennes paraboliques et des distributeurs et marchands de matériel de communication par satellite. » |
| 650 | 6|aTélévision par satellite|xDroit|zCanada. |
| 650 | 6|aTélévision par satellite|zCanada|xBrouilleurs. |
| 650 | 6|aRadiodiffusion|xDroit|zCanada. |
| 710 | 1 |aCanada. |bCommunications Canada, |eorganisme de publication. |
| 775 | 08|tDecoding the law on decoding.|w(CaOODSP)9.941027 |
| 856 | 40|qPDF|s984 Ko|uhttps://publications.gc.ca/collections/collection_2024/isde-ised/co22/Co22-109-1991-fra.pdf |